The politics of American democracy /
Enregistré dans:
| Auteur principal: | |
|---|---|
| Format: | Sách giấy |
| Langue: | English |
| Publié: |
New York :
Prentice-Hall, Inc,
1965.
|
| Tags: |
Ajouter un tag
Pas de tags, Soyez le premier à ajouter un tag!
|
| Thư viện lưu trữ: | Thư viện Trường Đại học Đà Lạt |
|---|
| LEADER | 00622nam a2200265 4500 | ||
|---|---|---|---|
| 001 | DLU090103751 | ||
| 005 | ##20121102 | ||
| 040 | # | # | |a DLU |b vie |
| 041 | # | # | |a eng |
| 044 | # | # | |a us |
| 082 | # | # | |a 320.473 |b IR-M |
| 100 | # | # | |a Irish, Marian D. |
| 245 | # | # | |a The politics of American democracy / |c Marian D. Irish. |
| 260 | # | # | |a New York : |b Prentice-Hall, Inc, |c 1965. |
| 300 | # | # | |a xiii, 722 p. ; |c 24 cm. |
| 923 | # | # | |a 100/2010 |
| 992 | # | # | |a 0 |
| 994 | # | # | |a DLU |
| 900 | # | # | |a True |
| 911 | # | # | |a Đào Thị Thu Huyền |
| 925 | # | # | |a G |
| 926 | # | # | |a A |
| 927 | # | # | |a SH |
| 980 | # | # | |a Thư viện Trường Đại học Đà Lạt |